[Event "Baden-ch U2000"]
[Site "Walldorf"]
[Date "2017.07.30"]
[Round "7"]
[White "Prill, Gerhard"]
[Black "Max, Mathias"]
[Result "1/2-1/2"]
[WhiteElo "1960"]
[BlackElo "1805"]
[PlyCount "152"]
[EventDate "2017.07.26"]
[EventType "swiss"]
[EventRounds "7"]
[EventCountry "GER"]
[SourceTitle "EXT 2018"]
[Source "ChessBase"]
[SourceDate "2017.10.13"]
[SourceVersion "1"]
[SourceVersionDate "2017.10.13"]
[SourceQuality "1"]

1. e4 c5 2. Nf3 g6 3. c4 Bg7 4. d4 cxd4 5. Nxd4 d6 6. Be2 Nf6 7. Nc3 0-0 8. Be3 Bd7 9. 0-0 Nc6 10. Qd2 Rc8 11. f3 a6 12. Rac1 Ne5 13. b3 a5 14. a4 Bc6 15. Rfd1 Ned7 16. Rb1 Ne8 17. Bf1 Nc5 18. Nxc6 Rxc6 19. Nb5 Qb6 20. Qf2 Nc7 21. Nd4 Bxd4 22. Bxd4 N7e6 23. Be3 Qc7 24. Rd5 Rb6 25. Qc2 Re8 26. Kh1 Qc6 27. Rdd1 Qc7 28. Qc3 Rb4 29. Rb2 Ra8 30. Bd2 Ra6 31. Rdb1 Qc6 32. Qc1 Rbb6 33. Bc3 Ra8 34. Qe1 Rba6 35. Qh4 Qc7 36. Rd1 Rb6 37. Rdb1 Rba6 38. Be2 Rb6 39. Qh6 Qc6 40. Qd2 Rba6 41. Bd1 R6a7 42. Bc2 b6 43. Re1 Nd7 44. f4 Nec5 45. Rbb1 Nf6 46. Qe3 Rd8 47. Re2 Rad7 48. Rf1 Qc7 49. Qh3 Qb7 50. Qe3 e5 51. f5 Nh5 52. Qh6 Ng7 53. Bd2 gxf5 54. exf5 f6 55. Qxf6 d5 56. Bh6 dxc4 57. bxc4 Nd3 58. Qg5 Nf4 59. Rxe5 Rd2 60. Be4 Rd1 61. Qxf4 Qc7 62. Bd5+ R8xd5 63. cxd5 Rxf1+ 64. Qxf1 Qxe5 65. Bxg7 Kxg7 66. Qd1 Kf7 67. d6 Ke8 68. h3 Kd7 69. Qf1 Qxd6 70. f6 Ke8 71. Qf5 Qd1+ 72. Kh2 Qd6+ 73. g3 Qd2+ 74. Kh1 Qe1+ 75. Kg2 Qe2+ 76. Kh1 Qe1+ 1/2-1/2